[Event "Challenge"]
[Site "http://www.queenalice.com/game.php?id=868615"]
[Date "2010.12.6"]
[Round "-"]
[White "jjjcarvalho"]
[Black "Gabsy"]
[Result "1-0"]
[WhiteElo "1746"]
[BlackElo "1707"]

1. e4 c5 2. Nf3 e6 3. Bc4 d5 4. exd5 exd5 5. Bb5+ Bd7 6. Bxd7+ Nxd7 7. d4 b6 8.
Nc3 Ngf6 9. Qe2+ Be7 10. dxc5 bxc5 11. Bg5 h6 12. Bxf6 Nxf6 13. h3 Qa5 14. O-O
Rd8 15. Rfe1 Qc7 16. Nb5 Qb8 17. Qxe7# 1-0

[Event "AUTO-INT-1917"]
[Site "http://www.queenalice.com/game.php?id=882206"]
[Date "2011.1.6"]
[Round "1"]
[White "Gabsy"]
[Black "Maxi"]
[Result "1-0"]
[WhiteElo "1695"]
[BlackElo "1810"]

1. d4 d5 2. c4 c6 3. Nf3 e6 4. e3 b6 5. Bd3 Ba6 6. O-O dxc4 7. Be2 Bd6 8. Qc2 b5
9. Nc3 Nf6 10. a4 Qc7 11. axb5 cxb5 12. Ne4 Nxe4 13. Qxe4 Bb7 14. Qg4 Nd7 15.
Qxg7 O-O-O 16. Qxf7 Bxf3 17. Bxf3 Bxh2+ 18. Kh1 Rde8 19. g3 Rhf8 20. Qh5 Bxg3
21. fxg3 Qxg3 22. Rxa7 Rd8 23. Ra6 Rf5 24. Rc6+ Kb8 25. Qh2 Rg8 26. Rxe6 Rxf3
27. Rxf3 Qxh2+ 28. Kxh2 Kc8 29. Re7 h5 30. Rh7 Nf8 31. Rxh5 Ne6 32. Rxb5 Kd7 33.
Rb4 Kd6 34. Rxc4 Kd5 35. Ra4 Ke4 36. Rf6 Ng5 37. Rf4+ Kd5 38. Rg4 Rh8+ 39. Kg3
Ne4+ 40. Kf3 Rf8+ 41. Rf4 Ng5+ 42. Kg4 Rxf4+ 43. Kxf4 Nh3+ 44. Kg3 1-0

[Event "AUTO-INT-1917"]
[Site "http://www.queenalice.com/game.php?id=882207"]
[Date "2011.1.6"]
[Round "1"]
[White "Maxi"]
[Black "Gabsy"]
[Result "1-0"]
[WhiteElo "1753"]
[BlackElo "1693"]

1. d4 d5 2. Bf4 Bf5 3. e3 c6 4. c3 Nd7 5. Nf3 e6 6. Qb3 b5 7. a4 a6 8. Ne5 f6 9.
Nxc6 Qb6 10. axb5 Bxb1 11. Rxb1 axb5 12. Bxb5 Ne7 13. Ne5 fxe5 14. Bxd7+ Kxd7
15. Qxb6 exf4 16. Qb7+ Ke8 17. Qxa8+ Kf7 18. exf4 h5 19. O-O h4 20. Rfe1 h3 21.
Qa6 Rh6 22. g4 g5 23. fxg5 Rg6 24. Re5 Bg7 25. Re3 Bf8 26. Rf3+ 1-0

[Event "AUTO-INT-1917"]
[Site "http://www.queenalice.com/game.php?id=882208"]
[Date "2011.1.6"]
[Round "1"]
[White "Gabsy"]
[Black "flucris2701"]
[Result "1-0"]
[WhiteElo "1797"]
[BlackElo "1275"]

1. d4 d5 2. c4 e6 3. Nc3 dxc4 4. Nf3 Bb4 5. Qa4+ Nc6 6. e3 Bxc3+ 7. bxc3 Qd5 8.
Bxc4 Qh5 9. Ne5 Qg5 10. g3 Bd7 11. Nxd7 Kxd7 12. e4 a6 13. Bxg5 h6 14. Bc1 Nf6
15. f3 b5 16. Bxb5 axb5 17. Qb3 Ra5 18. a4 bxa4 19. Rxa4 Rha8 20. Rxa5 Rxa5 21.
O-O 1-0

[Event "AUTO-INT-1917"]
[Site "http://www.queenalice.com/game.php?id=882209"]
[Date "2011.1.6"]
[Round "1"]
[White "flucris2701"]
[Black "Gabsy"]
[Result "0-1"]
[WhiteElo "1273"]
[BlackElo "1799"]

1. d4 Nf6 2. Nf3 g6 3. e3 c6 4. Be2 Bg7 5. O-O d6 6. Nc3 h6 7. h3 b5 8. Bd2 h5
9. e4 Nfd7 10. Bg5 a5 11. a3 a4 12. d5 Ba6 13. dxc6 Nxc6 14. Bxb5 Bxb5 15. Nxb5
Bxb2 16. Ra2 Bf6 17. Bxf6 exf6 18. Nxd6+ Kf8 19. c3 Nde5 20. Nxe5 fxe5 0-1

[Event "AUTO-INT-1917"]
[Site "http://www.queenalice.com/game.php?id=882210"]
[Date "2011.1.6"]
[Round "1"]
[White "Gabsy"]
[Black "kanibal"]
[Result "1-0"]
[WhiteElo "1716"]
[BlackElo "1701"]

1. d4 d5 2. c4 dxc4 3. e3 b5 4. b3 c6 5. bxc4 bxc4 6. Bxc4 Be6 7. Bxe6 fxe6 8.
Qh5+ g6 9. Qe5 Nf6 10. Qxe6 Qa5+ 11. Bd2 Qb5 12. Nc3 Qb2 13. Rb1 Qa3 14. Nf3
Nbd7 15. Qxc6 Rd8 16. Ng5 Qd6 17. Qa4 h6 18. Nb5 Qc6 19. Rc1 Qxg2 20. Nc7# 1-0

[Event "AUTO-INT-1917"]
[Site "http://www.queenalice.com/game.php?id=882211"]
[Date "2011.1.6"]
[Round "1"]
[White "kanibal"]
[Black "Gabsy"]
[Result "0-1"]
[WhiteElo "1681"]
[BlackElo "1771"]

1. d4 d5 2. Nf3 c5 3. dxc5 Qa5+ 4. Nc3 Qxc5 5. Nxd5 e6 6. Nc3 Nf6 7. e3 Nc6 8.
Bb5 Bd7 9. Bxc6 Bxc6 10. O-O Rd8 11. Qe2 Qf5 12. e4 Nxe4 13. Nh4 Nxc3 14. bxc3
Qg5 15. Bxg5 Be7 16. Bxe7 Kxe7 17. Nf5+ Kf8 18. Nd4 Ba4 19. Rab1 Rb8 20. Qe5 Re8
21. Rxb7 h5 22. Rxa7 f6 23. Nxe6+ Rxe6 24. Qb8+ Be8 25. g3 g5 26. Qb4+ Kg8 27.
c4 g4 28. c5 f5 29. Qf4 Bg6 30. Qb8+ Be8 31. Ra8 Kf7 32. Qc7+ Kf6 33. f4 h4 34.
Kg2 Bc6+ 35. Kg1 Bxa8 36. Rf2 hxg3 37. Rd2 Re1# 0-1

[Event "Challenge"]
[Site "http://www.queenalice.com/game.php?id=888458"]
[Date "2011.1.20"]
[Round "-"]
[White "ORNELAS"]
[Black "Gabsy"]
[Result "0-1"]
[WhiteElo "1656"]
[BlackElo "1759"]

1. b3 e5 2. d4 Bb4+ 3. c3 Bd6 4. e3 e4 5. Nd2 Qe7 6. g3 b6 7. Bg2 f5 8. Qh5+ g6
9. Qe2 Ba6 10. Qd1 b5 11. b4 Nf6 12. h3 h5 13. h4 Rg8 14. Ne2 Bb7 15. a4 a6 16.
a5 Bd5 17. Ra3 Qf7 18. O-O Be7 19. Nf4 Bc4 20. Re1 c6 21. Nxc4 Qxc4 22. Bb2 Nd5
23. Nxh5 Ra7 24. Nf4 Nxf4 25. exf4 Kd8 26. Re3 Rh8 27. Bf1 Qe6 28. Ra1 d5 29.
Bg2 Qf7 30. Bc1 Nd7 31. Bd2 Qh7 32. Re2 Nf6 33. Be3 Kc7 34. Qf1 Qh5 35. Bh3 Bd6
36. Raa2 Kd8 37. Bg2 Rah7 38. f3 g5 39. Kf2 g4 40. Ke1 gxf3 41. Bxf3 exf3 42.
Rf2 Re7 43. Rxf3 Ne4 44. Rc2 Rg8 45. Qg2 Qg6 46. Ke2 Nxg3+ 47. Kd3 Nh5 48. Qf2
Re4 49. Rc1 Qh6 50. Rg1 Rxg1 51. Qxg1 Nxf4+ 52. Kc2 Qxh4 53. Qg8+ Re8 54. Qg7
Nh5 55. Bg5+ Be7 56. Bxe7+ Qxe7 57. Qg2 Qe4+ 58. Kb2 f4 59. Qg5+ Re7 60. Rf2 f3
61. Qxh5 Qe2+ 62. Rxe2 fxe2 63. Qh8+ Kd7 64. Qh3+ Re6 65. Qh7+ Kd6 66. Qh2+ Ke7
67. Qc7+ Kf6 68. Qf4+ Ke7 69. Qc7+ Kf6 70. Qf4+ Ke7 71. Qh4+ Ke8 72. Qh5+ Kd8
73. Qh8+ Kc7 74. Qh2+ Kd7 75. Qh7+ Re7 76. Qh3+ Kc7 77. Qg3+ Kb7 78. Qd6 e1=Q
79. Qd8 Qe2+ 80. Kb3 Qc4+ 81. Kb2 Re2+ 82. Kc1 Qxc3+ 83. Kb1 Qb2# 0-1

[Event "Challenge"]
[Site "http://www.queenalice.com/game.php?id=891005"]
[Date "2011.1.25"]
[Round "-"]
[White "Gabsy"]
[Black "CRICARDOP"]
[Result "1-0"]
[WhiteElo "1693"]
[BlackElo "1100"]

1. d4 d6 2. Nc3 Nh6 3. e4 Bg4 4. Be2 Nc6 5. h3 Bxe2 6. Qxe2 Nxd4 7. Qd3 Nc6 8.
Bxh6 gxh6 9. f4 Rg8 10. g4 e5 11. f5 Nb4 12. Qe2 Qh4+ 13. Kd2 a5 14. Qb5+ Kd8
15. Qxb7 Rc8 16. a3 Qf2+ 17. Nge2 h5 18. axb4 Bh6+ 19. Kd1 hxg4 20. hxg4 Be3 21.
Nd5 Bh6 22. Rxh6 Qf1+ 23. Kd2 Qxa1 24. Rxh7 Rxg4 25. Rh8+ Kd7 26. Qxc8+ Kc6 27.
Qa6+ Kd7 28. Qb5+ c6 29. Qb7# 1-0

[Event "AUTO-OPEN-2250"]
[Site "http://www.queenalice.com/game.php?id=894635"]
[Date "2011.2.2"]
[Round "1"]
[White "QuinhoFogo"]
[Black "Gabsy"]
[Result "0-1"]
[WhiteElo "1489"]
[BlackElo "1793"]

1. e4 c5 2. e5 e6 3. Bb5 Qa5 4. Bc4 Nc6 5. Nf3 b5 6. Bd3 c4 7. Be4 Bb7 8. O-O
Bc5 9. Nc3 Qb6 10. a3 Qa5 11. a4 b4 12. Nb5 Ba6 13. Nd6+ Bxd6 14. c3 Bc5 15.
cxb4 Qxb4 16. Bxc6 dxc6 17. d3 cxd3 18. b3 O-O-O 19. Bd2 Qg4 20. Rc1 Rd5 21. b4
Bxb4 22. Rxc6+ Kb7 0-1

[Event "AUTO-OPEN-2250"]
[Site "http://www.queenalice.com/game.php?id=894636"]
[Date "2011.2.2"]
[Round "1"]
[White "Gabsy"]
[Black "QuinhoFogo"]
[Result "1-0"]
[WhiteElo "1789"]
[BlackElo "1493"]

1. d4 d5 2. Nf3 Nf6 3. e3 Bg4 4. Nbd2 Nc6 5. h3 Bxf3 6. Nxf3 Ne4 7. Bb5 Qd6 8.
c3 e6 9. Qa4 a6 10. Bd3 b5 11. Qd1 Be7 12. Bxe4 b4 13. Bc2 bxc3 14. bxc3 a5 15.
Ba4 Ra6 16. Rb1 O-O 17. h4 e5 18. Ng5 Bxg5 19. hxg5 e4 20. Qh5 h6 21. gxh6 g6
22. h7+ Kh8 23. Qh6 Rb6 24. Rb3 Rxb3 25. Bxb3 1-0

[Event "AUTO-OPEN-2250"]
[Site "http://www.queenalice.com/game.php?id=894665"]
[Date "2011.2.2"]
[Round "1"]
[White "Gabsy"]
[Black "favazza2007"]
[Result "0-1"]
[WhiteElo "1783"]
[BlackElo "1771"]

1. e4 e5 2. c4 Nf6 3. d3 Bc5 4. Bg5 h6 5. Bh4 g5 6. Bg3 d6 7. Be2 Nc6 8. Bh5 Nd4
9. Bxf7+ Kxf7 10. Nc3 Bg4 11. f3 Bh5 12. Nd5 c6 13. Nxf6 Qxf6 14. Bf2 Rhf8 15.
Bxd4 Bxd4 16. g4 Bg6 17. Rb1 Kg7 18. b4 h5 19. h3 hxg4 20. hxg4 Bxg1 21. Rxg1
Qxf3 22. Qxf3 Rxf3 23. Ke2 Raf8 24. Rgf1 Rxf1 25. Rxf1 Rxf1 26. Kxf1 b6 27. a4
Kf6 28. Ke2 Bf7 29. Ke3 Be6 30. Kf3 d5 31. c5 dxe4+ 32. dxe4 Bb3 33. a5 bxa5 34.
bxa5 Bd1+ 35. Kg3 Ke6 36. Kh3 Bf3 37. Kg3 Bxe4 38. Kf2 Kd5 39. Ke3 Bb1 40. Kd2
Kxc5 41. Kc1 Bd3 42. Kd2 e4 43. Kc3 Kb5 44. Kd4 c5+ 45. Ke3 Kxa5 46. Kd2 Kb4 47.
Ke3 Kc3 48. Kf2 Kd2 49. Kg1 e3 50. Kg2 e2 51. Kf3 e1=R 52. Kf2 Re2+ 53. Kg3 Ke3
54. Kh3 c4 55. Kg3 c3 56. Kh3 c2 57. Kg3 c1=Q 58. Kh3 Qf1+ 59. Kg3 Qg2# 0-1

[Event "AUTO-OPEN-2250"]
[Site "http://www.queenalice.com/game.php?id=894666"]
[Date "2011.2.2"]
[Round "1"]
[White "favazza2007"]
[Black "Gabsy"]
[Result "0-1"]
[WhiteElo "1622"]
[BlackElo "1748"]

1. Nf3 d5 2. d4 Bg4 3. Nc3 Bxf3 4. gxf3 f5 5. Bf4 a6 6. Bg2 e6 7. e4 Bb4 8. Rb1
c6 9. a3 Bxc3+ 10. bxc3 b5 11. Rb3 Nd7 12. Bd6 a5 13. Ke2 Nb6 14. Bc5 Nc4 15.
Qa1 Qg5 16. Rg1 Qd2+ 17. Kf1 Qxc2 18. Qb1 Nd2+ 19. Ke1 Nxb1 20. Rxb1 Qxb1+ 21.
Ke2 Qxg1 22. Bf1 Qxh2 23. Ke3 h5 24. Be2 h4 25. exf5 h3 26. fxe6 g5 27. Bd3 Qf4+
28. Ke2 h2 29. Bg6+ Kd8 30. e7+ Nxe7 31. Bb6+ Kc8 32. Bd3 h1=Q 33. a4 Qhxf3+ 34.
Ke1 Qxf2+ 35. Kd1 Q4d2# 0-1

[Event "AUTO-OPEN-2250"]
[Site "http://www.queenalice.com/game.php?id=894667"]
[Date "2011.2.2"]
[Round "1"]
[White "Gabsy"]
[Black "Famelo"]
[Result "0-1"]
[WhiteElo "1750"]
[BlackElo "2152"]

1. e4 d6 2. d4 Nf6 3. Nc3 g6 4. Bg5 c6 5. Qd2 Bg7 6. Nf3 O-O 7. b4 Bg4 8. Be2
Nbd7 9. h3 Bxf3 10. Bxf3 a5 11. b5 Nb6 12. a4 Nc4 13. Qc1 e5 14. d5 cxd5 15.
exd5 Qc7 16. O-O Nb6 17. Ne4 Nxe4 18. Bxe4 f5 19. f3 fxe4 20. fxe4 Rxf1+ 21.
Kxf1 Qc4+ 22. Kg1 Qxe4 23. Qe3 Qxe3+ 24. Bxe3 Nxd5 25. Bd2 e4 26. Re1 e3 27.
Bxe3 Nxe3 28. Rxe3 Bd4 29. Kf2 Re8 30. Ke2 Rxe3+ 31. Kd2 Rg3 32. c4 Rxg2+ 33.
Kd3 Bc5 34. Ke4 Ra2 35. Kd5 Kf7 36. h4 Kf6 0-1

[Event "AUTO-OPEN-2250"]
[Site "http://www.queenalice.com/game.php?id=894668"]
[Date "2011.2.2"]
[Round "1"]
[White "Famelo"]
[Black "Gabsy"]
[Result "1-0"]
[WhiteElo "2128"]
[BlackElo "1767"]

1. f4 d5 2. Nf3 Nf6 3. e3 g6 4. d4 Bg7 5. Bd3 O-O 6. O-O c5 7. c3 Qa5 8. Bd2 c4
9. Bc2 b5 10. Ne5 Bg4 11. Nxg4 Nxg4 12. Qxg4 f5 13. Qf3 Qd8 14. a4 bxa4 15. Bxa4
e6 16. b4 cxb3 17. Bxb3 a5 18. c4 Qb6 19. Qd1 Nc6 20. Kh1 Rfb8 21. Ba4 Nb4 22.
c5 Qc7 23. Nc3 Bf8 24. Nb5 Qc6 25. Bxb4 axb4 26. Na7 Qc7 27. Nc6 Rb7 28. Qb3 Kg7
29. Ne5 Rbb8 30. Bc6 Rxa1 31. Rxa1 Be7 32. Qa4 Bd8 33. Bb5 Qa5 34. Qxa5 Bxa5 35.
Rxa5 b3 36. Nd3 Kf7 37. Kg1 Ke7 38. Kf2 Kd8 39. Ke2 h5 40. Kd2 1-0

[Event "Let's Play Chess!"]
[Site "http://www.queenalice.com/game.php?id=897243"]
[Date "2011.2.9"]
[Round "-"]
[White "elche"]
[Black "Gabsy"]
[Result "0-1"]
[WhiteElo "1799"]
[BlackElo "1731"]

1. e4 c5 2. Nc3 e6 3. g3 Nc6 4. Bg2 Ne5 5. f4 Nc4 6. d3 Nd6 7. Nge2 b6 8. e5 Nb7
9. O-O a6 10. a4 Ra7 11. b4 g6 12. bxc5 Nxc5 13. Ne4 Bb7 14. Nxc5 Bxc5+ 15. d4
Bxg2 16. Kxg2 Qa8+ 17. Kg1 Be7 18. c4 Bd8 19. Ba3 Ne7 20. Bxe7 Bxe7 21. d5 Bc5+
22. Kh1 O-O 23. h3 Qd8 24. dxe6 dxe6 25. Nc3 Qd4 26. Qxd4 Bxd4 27. Rac1 Rc7 28.
Ne4 Kg7 29. Nd6 Rd8 30. Rcd1 Bc5 31. Ne4 Rcd7 32. Rxd7 Rxd7 33. Nxc5 bxc5 0-1

[Event "Let's Play Chess!"]
[Site "http://www.queenalice.com/game.php?id=897255"]
[Date "2011.2.9"]
[Round "-"]
[White "Gabsy"]
[Black "elche"]
[Result "1/2-1/2"]
[WhiteElo "1748"]
[BlackElo "1745"]

1. e4 c5 2. c3 Nc6 3. d4 cxd4 4. cxd4 e6 5. Nf3 Bb4+ 6. Bd2 Bxd2+ 7. Qxd2 Qa5 8.
Qxa5 Nxa5 9. b4 Nc6 10. b5 Na5 11. e5 f6 12. a4 fxe5 13. Nxe5 d6 14. Nc4 Nxc4
15. Bxc4 d5 16. Bb3 b6 17. Nd2 Ne7 18. O-O Ng6 19. g3 O-O 20. f4 Bd7 21. Nf3
Rac8 22. Ne5 Nxe5 23. dxe5 Rc3 24. Rab1 Rfc8 25. Kf2 g6 26. Ke2 h5 27. Kd2 Kg7
28. Bd1 Ra3 29. Rb2 Rcc3 30. Be2 Rc5 31. Bd1 1/2-1/2

[Event "Challenge"]
[Site "http://www.queenalice.com/game.php?id=908902"]
[Date "2011.3.5"]
[Round "-"]
[White "Dsilver"]
[Black "Gabsy"]
[Result "0-1"]
[WhiteElo "1670"]
[BlackElo "1765"]

1. d4 Nf6 2. e3 d5 3. c4 e6 4. cxd5 Bb4+ 5. Bd2 Nxd5 6. Qa4+ Bd7 7. Qb3 Bxd2+ 8.
Nxd2 O-O 9. e4 Nf4 10. Qxb7 Nc6 11. Rc1 Rb8 12. Qa6 Rxb2 13. Rxc6 Bxc6 14. Qxc6
Rxa2 15. Qc3 c6 16. Nh3 Nxh3 17. gxh3 Qg5 18. d5 exd5 19. Nf3 Qf4 20. Rg1 g6 21.
Rg4 Qb8 22. Bd3 dxe4 23. Rxe4 Re8 24. Rxe8+ Qxe8+ 25. Ne5 Qe7 26. Qxc6 Ra1+ 27.
Kd2 Qxe5 28. Qc4 Qe1+ 29. Kc2 Qc1+ 30. Kb3 Qa3+ 31. Kc2 Ra2+ 32. Kd1 a5 33. Qe4
Qb2 34. Bc2 Ra1+ 35. Ke2 Qb5+ 36. Kf3 a4 37. Bd3 Qb3 38. Ke3 Re1+ 39. Kf4 Rxe4+
40. Bxe4 a3 41. Ke5 Qb2+ 42. Kd6 a2 43. Bd5 a1=Q 44. Ke7 Qe2+ 45. Kd6 Qf6+ 46.
Kc5 Qee5 47. Kc4 Qc3+ 48. Kb5 Qfe5 49. f4 Qxd5+ 50. Ka4 Qdc4# 0-1

[Event "Challenge"]
[Site "http://www.queenalice.com/game.php?id=908903"]
[Date "2011.3.5"]
[Round "-"]
[White "Dsilver"]
[Black "Gabsy"]
[Result "0-1"]
[WhiteElo "1671"]
[BlackElo "1777"]

1. d4 c6 2. e3 Nf6 3. h4 d5 4. c4 e6 5. cxd5 exd5 6. Qe2 Bb4+ 7. Bd2 Bxd2+ 8.
Nxd2 Nbd7 9. g3 h5 10. Bh3 O-O 11. Bxd7 Bxd7 12. Ngf3 Bg4 13. Qd3 Qb6 14. b3 Qb4
15. Ng5 g6 16. a3 Qd6 17. e4 dxe4 18. Ndxe4 Nxe4 19. Nxe4 Qe6 20. f3 Bf5 21. Rg1
Bxe4 22. fxe4 Rae8 23. e5 Rd8 24. b4 Qxe5+ 25. dxe5 Rxd3 26. Ke2 Rd5 27. Kf2
Rxe5 28. a4 a6 29. g4 hxg4 30. Rxg4 Rf5+ 31. Kg3 Rh5 32. Rb1 Re8 33. Rb3 Re6 34.
b5 axb5 35. axb5 Kg7 36. bxc6 bxc6 37. Rb7 Rf6 38. Rc4 g5 39. Kg4 Kg6 40. Rc5
Rf4+ 41. Kg3 Rhxh4 42. Rxc6+ f6 43. Rb3 Kh5 44. Rc8 Rfg4+ 45. Kf2 Rh2+ 46. Kf3
Rh3+ 47. Kf2 Rxb3 48. Ke2 Rg2+ 49. Kf1 Rbb2 50. Rf8 Kg4 51. Rxf6 Kg3 52. Re6 Kh2
53. Rh6+ Kg3 54. Re6 Rgf2+ 55. Ke1 Rb1# 0-1

[Event "Been a while since I played"]
[Site "http://www.queenalice.com/game.php?id=966356"]
[Date "2011.7.29"]
[Round "-"]
[White "Gabsy"]
[Black "kinghenry"]
[Result "1-0"]
[WhiteElo "1791"]
[BlackElo "1718"]

1. d4 b6 2. e4 Nf6 3. f3 e6 4. Bc4 d5 5. Bb5+ c6 6. Bd3 dxe4 7. fxe4 Qxd4 8. Nf3
Qd7 9. O-O Qc7 10. Bg5 Be7 11. Qd2 h6 12. Bf4 Qb7 13. Nc3 O-O 14. e5 Nh5 15.
Bxh6 Rd8 16. Bg5 f6 17. exf6 Bxf6 18. Bxf6 gxf6 19. Qh6 Rxd3 20. cxd3 Qf7 21.
Nh4 Qh7 22. Qxh7+ Kxh7 23. Ne4 f5 24. Ng5+ Kg7 25. h3 Kf6 26. Ngf3 Ba6 27. Rad1
Nd7 28. Rfe1 c5 29. Re3 Nf4 30. Kh2 Rd8 31. g4 fxg4 32. hxg4 Rg8 33. g5+ Ke7 34.
Nf5+ Kf7 35. Nh6+ Kg7 36. Nxg8 Kxg8 37. Re4 Nxd3 38. Rxe6 Bc4 39. Re8+ Kf7 40.
Re4 Bb5 41. b3 Nf2 42. Rf4+ Kg6 43. Rd6+ Kg7 44. a4 Nd3 45. Rh4 N3e5 46. Nxe5
Nxe5 47. axb5 Nf3+ 48. Kg3 Nxh4 49. Kxh4 c4 50. bxc4 Kf7 51. g6+ Kg7 52. Kh5 a5
53. bxa6 b5 54. cxb5 Kf8 55. a7 Ke7 56. Rd1 Ke6 57. a8=Q Ke5 58. Qd5+ Kf6 59.
Rf1+ Kg7 60. Qf7+ Kh8 61. Qh7# 1-0

[Event "Been a while since I played"]
[Site "http://www.queenalice.com/game.php?id=966357"]
[Date "2011.7.29"]
[Round "-"]
[White "Meckerkopp"]
[Black "Gabsy"]
[Result "1-0"]
[WhiteElo "1944"]
[BlackElo "1801"]

1. e4 c5 2. Nf3 d6 3. Bc4 Nf6 4. Ng5 e6 5. O-O b6 6. Nc3 Ba6 7. Bxa6 Nxa6 8. Re1
h6 9. Nf3 Nc7 10. d4 cxd4 11. Nxd4 e5 12. Nf5 Ne6 13. b3 Qd7 14. Ba3 Rd8 15. Ne3
Qc6 16. Ned5 Nd7 17. Re3 a5 18. Rc1 g6 19. h4 h5 20. Rg3 b5 21. Bb2 Bh6 22. Rb1
b4 23. Na4 Rc8 24. c3 Nec5 25. Nxc5 Qxc5 26. c4 Rg8 27. Bc1 Bg7 28. Be3 Qc6 29.
Bg5 f6 30. Bd2 Kf7 31. Rxg6 Rce8 32. Qxh5 Rh8 33. Rxf6+ Kg8 34. Qf7+ 1-0

[Event "Let's Play Chess!"]
[Site "http://www.queenalice.com/game.php?id=999581"]
[Date "2011.10.20"]
[Round "-"]
[White "Gabsy"]
[Black "Fauquinelle"]
[Result "0-1"]
[WhiteElo "1789"]
[BlackElo "1824"]

1. d4 Nf6 2. c4 c5 3. d5 e6 4. Nc3 exd5 5. cxd5 d6 6. Nf3 g6 7. Bg5 Bg7 8. Qa4+
Bd7 9. Qf4 Bc8 10. Ne4 Qa5+ 11. Nfd2 Nxe4 12. Qxe4+ Be5 13. Bf6 Bf5 14. Qh4 Bxf6
15. Qxf6 O-O 16. Qxd6 Rd8 17. Qe7 Rxd5 18. Qe8+ Kg7 19. Qe3 Nc6 20. Qc3+ Qxc3
21. bxc3 Bc2 22. g3 Rad8 23. e3 Rxd2 24. Be2 Ne5 25. Rc1 Be4 26. Rd1 Rxd1+ 27.
Bxd1 Bxh1 28. f3 Bxf3 29. Bxf3 Nxf3+ 30. Kf2 Nxh2 31. e4 Rd2+ 32. Ke3 Rxa2 33.
Kf4 Rf2+ 34. Ke3 Rf3+ 35. Ke2 Kf6 36. c4 Ke5 37. g4 Kxe4 38. g5 Nf1 39. Ke1 Kd3
40. Kd1 Ne3+ 41. Kc1 Kc3 42. Kb1 Rf1+ 43. Ka2 Rc1 44. Ka3 Ra1# 0-1

[Event "Let's Play Chess!"]
[Site "http://www.queenalice.com/game.php?id=999582"]
[Date "2011.10.20"]
[Round "-"]
[White "Fauquinelle"]
[Black "Gabsy"]
[Result "1-0"]
[WhiteElo "1834"]
[BlackElo "1804"]

1. f4 d5 2. Nf3 Nf6 3. e3 c5 4. b3 e6 5. Bb2 a6 6. c4 b5 7. cxb5 a5 8. a4 Nbd7
9. Qc2 Ne4 10. Nc3 Ndf6 11. Nxe4 Nxe4 12. Bd3 Bb7 13. h4 f6 14. g4 h6 15. g5
hxg5 16. fxg5 Nxg5 17. Nxg5 fxg5 18. Bg6+ Kd7 19. h5 Rh6 20. Rf1 Kd6 21. d4 cxd4
22. Ba3+ Kd7 23. Rf7+ Be7 24. Rxe7+ Qxe7 25. Bxe7 Rc8 26. Bc5 dxe3 27. Rc1 Rhh8
28. Qc3 Rhg8 29. Qe5 Rxc5 30. Rxc5 Ke7 31. Rc7+ Kd8 32. Qd6# 1-0

[Event "OS INCLIVEIS"]
[Site "http://www.queenalice.com/game.php?id=1003723"]
[Date "2011.11.1"]
[Round "-"]
[White "adelio"]
[Black "Gabsy"]
[Result "0-1"]
[WhiteElo "1744"]
[BlackElo "1774"]

1. d4 Nf6 2. Nc3 d5 3. e4 e6 4. a3 c5 5. Nf3 dxe4 6. Ne5 cxd4 7. Nb5 d3 8. h3
Qa5+ 9. Qd2 Qxb5 10. Nxf7 Kxf7 11. g4 Nd5 12. cxd3 exd3 13. Bxd3 Qd7 14. h4 b6
15. h5 Bb7 16. Qg5 Kg8 17. h6 Ne7 18. Rh3 Nbc6 19. hxg7 Bxg7 20. Ra2 Rc8 21. b4
Nd4 22. Kf1 Qd5 23. Rb2 Qg2+ 24. Ke1 Qg1+ 25. Kd2 Qxc1# 0-1